Cuadernos de Salud Publica 46 (Registro nro. 1467)

Detalles MARC
000 -LEADER
fixed length control field 00695nam a2200217 a 4500
003 - CONTROL NUMBER IDENTIFIER
control field OSt
005 - FECHA ULTIMA MODIFICACION
control field 20130530183812.0
008 - FIXED-LENGTH DATA ELEMENTS--GENERAL INFORMATION
fixed length control field 130528s1973 ag ||||| |||| 00| 0 spa d
040 ## - CATALOGING SOURCE
Transcribing agency Biblioteca Medicina
041 ## - LANGUAGE CODE
Language code of text/sound track or separate title spa
082 ## - DEWEY DECIMAL CLASSIFICATION NUMBER
Classification number OMS CSP 46
100 1# - MAIN ENTRY--PERSONAL NAME
Personal name Hilleboe, Herman E.
9 (RLIN) 2368
245 ## - TITLE STATEMENT
Title Cuadernos de Salud Publica 46
Remainder of title Metodos de Planificacion Sanitaria Nacional
250 ## - EDITION STATEMENT
Edition statement 1° ed.
260 ## - PUBLICATION, DISTRIBUTION, ETC. (IMPRINT)
Place of publication, distribution, etc Ginebra
Name of publisher, distributor, etc Organizacion Mundial de la Salud
Date of publication, distribution, etc 1973
300 ## - PHYSICAL DESCRIPTION
Extent 123 p.
653 ## - INDEX TERM--UNCONTROLLED
Uncontrolled term PLANIFICACION SANITARIA-EEUU
653 ## - INDEX TERM--UNCONTROLLED
Uncontrolled term SALUD PUBLICA-EEUU
942 ## - ADDED ENTRY ELEMENTS (KOHA)
Source of classification or shelving scheme Dewey Decimal Classification
Koha item type Hemeroteca
Existencias
Withdrawn status Lost status Fuente de clasificación Damaged status Not for loan Colección Ubicación permanente Ubicación actual Sala de ubicación Fecha de adquisición Total Checkouts Número de clasificación Código de barras Date last seen Número de ejemplar Price effective from Koha tipo de elemento (item)
    Dewey Decimal Classification     Non-fiction Biblioteca Medicina Biblioteca Medicina Circulación 28/05/2013   OMS CSP 46 H0007 06/11/2014 Ej. 1 28/05/2013 Hemeroteca

UNIVERSIDAD NACIONAL DEL COMAHUE
Biblioteca de la Facultad de Ciencias Médicas
Sede Toschi: Los Arrayanes y Av. Toschi, Cipolletti  - Rio Negro
Sede Los Tordos:  Yrigoyen al 2211, Cipolletti - Rio Negro 

Teléfono: 0299 - 4774707 int 25
Contacto: biblioteca@facimed.uncoma.edu.ar
© 2011 - 2026